Quizzes
Events
Quiz Creation
Community
Videos
Private Events
Remove Ads
Sign In
Join for FREE
Feedback
Dark Mode
Quiz Categories
Sports
Geography
Music
Movies
Television
Just For Fun
Miscellaneous
History
Literature
Language
Science
Gaming
Entertainment
Religion
Holiday
For Kids
Quiz Lab
Recent
Popular Today
Quiz Kudos Today
Editor Picks
Curator Picks
Quizzes by...
Day
Popularity
Type
Ratings
Length
Year
Community
Subscriptions
Recent Discussions
Orange Saloon
Badges
Playlists
Quests
Create
Leaderboards
Showdown
Live 5
Trivia Bingo
Activity
Puzzle Library
Sporcle Events
Private Events
Virtual Trivia
Globe League
Become a Host
Pub Owners
SporcleCon
Opinionation
Our Games
Videos
Blog
Mobile Apps
Partnerships
Remove Ads and Go Orange
Feedback
Sports
Athletes
MLB
NBA
NHL
NFL
Soccer
Sports Teams
WWE
NCAA
Football
Premier League
Basketball
Baseball
Hockey
Golf
Tennis
Cricket
Rugby
Auto Racing
Olympics
World Cup
Sports
Athletes
MLB
NBA
NHL
NFL
Soccer
Sports Teams
WWE
NCAA
Football
Premier League
Basketball
Baseball
Hockey
Golf
Tennis
Cricket
Rugby
Auto Racing
Olympics
World Cup
Random Quiz
Search Sporcle
×
Quiz Lab
Quiz Lab
Sports
Board Games
Type in answers that appear in a list
Type in answers that appear in a list
Classic
Best Score? Go Orange.
18+ Strikeouts in a Game Stats
Can you name the 18+ Strikeouts in a Game?
By
Lemonpudding
5m
30 Questions
324 Plays
324 Plays
324 Plays
Comments
Comments
Give Quiz Kudos
Give Quiz Kudos
-
- Ratings
hide this ad
More Info
Replay
Link that replays current quiz
Next Quiz
Link to next quiz in quiz playlist
You Got
0%
They Got
Avg Score
58%
Avg Friend Score
Upgrade to see
Score Distribution
Jump to the score distribution portion of the page
Score
0/30
Timer
05:00
0
Plays Today
Year
Player
% Correct
2001*
Randy Johnson
99.1%
1997
Randy Johnson
99.1%
1997
Randy Johnson
99.1%
1992
Randy Johnson
99.1%
1998
Roger Clemens
94.8%
1996
Roger Clemens
94.8%
1986
Roger Clemens
94.8%
1998
Kerry Wood
88%
1977*
Nolan Ryan
88%
1976
Nolan Ryan
88%
1974*
Nolan Ryan
88%
1974*
Nolan Ryan
88%
2004
Ben Sheets
78.1%
1962
Sandy Koufax
74.4%
1959
Sandy Koufax
74.4%
Year
Player
% Correct
1970
Tom Seaver
70.7%
1990
Ramon Martinez
62.3%
1938
Bob Feller
58%
1978
Ron Guidry
57.1%
1974
Nolan Ryan
55.9%
1991
David Cone
49.1%
1969
Steve Carlton
31.8%
1968*
Luis Tiant
11.7%
1968
Don Wilson
8.3%
1980
Bill Gullickson
5.9%
1962*
Tom Cheney
2.8%
1884
Hugh Daily
0.9%
1884
Charlie Sweeney
0.9%
1884
Duppe Shaw
0.6%
1884
Henry Porter
0.3%
Quiz Playlist
Details
Report
Send in Message
Add To Playlist
More Info:
Includes games that went into extra innings, denoted with *
Classic:
Type in answers that appear in a list
Quiz Source
Last Updated: Feb 16, 2017
Quiz Scoreboard
CHALLENGE
Sign Up to Join the Scoreboard
Show All
Scores
Hide
Comments
May contain spoilers
Recently Published
TV Characters by Other Roles V
by ghcgh
Television
5m
Decade Duel: World Leaders
by jenniferyan
History
4m
Alphabetical 'K' Countries by Flag Minefield
by ylime102
Geography
3m
More to Explore
Quiz From the Vault
Featured Blog Post
15 Basketball Trivia Facts You Can Be March Mad About
hide this ad
You Might Also Like...
Tags
Board Games Quiz
Player
strikeouts
team
Today's Top Quizzes in Sports
Browse Sports
hide this ad
Today's Top Quizzes in Board Games
Browse Board Games
Top Contributed Quizzes in Sports
1
Les joueurs à 100 buts en Ligue 1 Uber Eats
2
2022 World Cup Stars
3
Pick 6: NFL Teams
4
MLB 2 truths and a lie: Hall of Fame pitchers
5
Pick 6: Minor League Baseball
6
Millionaire: NBA Finals Edition
7
Pick 6: Olympics
8
50+ Goals in European Competition
9
Click the 1998 NBA Draft
10
Iconic Moments in Football - Multiple Choice
Explore More
Trending Topics
Anime
NBA
Disney
Marvel
Kpop
Crossword
Harry Potter
NFL
Puzzle
Soccer
WWE
Country
The Office
Pokémon
Song
hide this ad
More By:
Lemonpudding
Quiz
Plays
Rating
Category
Featured
Created
8+ Assists Per Game 2000-2009
3,011
3.88
Sports
Feb 24, 2010
10+ Rebounds Per Game 2000-2009
2,509
3.87
Sports
Mar 4, 2010
AL All Stars 2000-2009
900
2.00
Sports
Aug 1, 2010
Major Winners Golf 2000-2009
683
5.00
Sports
May 9, 2010
All Perfect NCAA Football Seasons
681
2.67
Sports
Mar 12, 2010
Go to Creator's Profile
Score Distribution
Quiz Creator Spotlight
Lemonpudding
Follow
Send a Message
Quizzes Created
-
Created Quiz Play Count
-
More By This Creator
Popular Quizzes Today
1
Countries of Asia Without Outlines Minefield
2
Find the US States - No Outlines Minefield
3
Pick 6: Fruits
4
The Countries of the World
5
Alphabetical 'K' Countries by Flag Minefield
6
Find the Countries of Europe - No Outlines Minefield
7
US States
8
Find the US States
More Sports Quizzes
Top 50 Premier League Appearances - Goalkeepers
Quiz Lab
Trending Quizzes
Pick 6: Mountains
Pick 6: Harry Potter
Pick 6: Flags
Pick 6: NFL Teams
Pick 6: Movie Franchises
Recently Updated
Adaptations: Name the Title
pecheneg
NWSL Teams
pecheneg
Women's Final Four Teams by Year
bhenderson79
Presidents Quartet II
eogle
Anything But Clue(do)
eogle
Anything But Oceanian Capitals
eogle
Anything But 7
eogle
Anything But Thing
eogle
Word Ladder: February 29
pecheneg
Song Title Questions
pecheneg
Trending Topics
Harry Potter
Anime
NBA
Marvel
Kpop
Crossword
Disney
Soccer
NFL
Song
Country
Pokémon
Puzzle
WWE
The Office
Your Account Isn't Verified!
In order to create a playlist on Sporcle, you need to verify the email address you used during registration. Go to your
Sporcle Settings
to finish the process.
Report this User
Report this user for behavior that violates our
Community Guidelines
.
Details:
Send Report
Go to the Sporcle.com Mobile Site →
Comments